Exercises in building construction (Record no. 103281)

MARC details
000 -LEADER
fixed length control field 01298cam a2200349 4500
008 - FIXED-LENGTH DATA ELEMENTS--GENERAL INFORMATION
fixed length control field 040112n2003 000 0 eng u
020 ## - INTERNATIONAL STANDARD BOOK NUMBER
International Standard Book Number 0471459690
035 ## - SYSTEM CONTROL NUMBER
System control number (Sirsi) u124821
041 ## - LANGUAGE CODE
Language code of text/sound track or separate title eng
050 ## - LIBRARY OF CONGRESS CALL NUMBER
Classification number 690
-- 18
100 ## - MAIN ENTRY--PERSONAL NAME
Personal name Allen, E.
245 ## - TITLE STATEMENT
Title Exercises in building construction
250 ## - EDITION STATEMENT
Edition statement 4th ed.
260 ## - PUBLICATION, DISTRIBUTION, ETC.
Place of publication, distribution, etc. John Wiley
Date of publication, distribution, etc. 2003
300 ## - PHYSICAL DESCRIPTION
Extent vi, 154p.
Dimensions 28cm.
350 ## - PRICE (NR) (BK AM CF MU VM SE) [OBSOLETE]
Price 23.99
520 ## - SUMMARY, ETC.
Summary, etc. Companion to "Fundamentals of building construction" (ISBN1471219037). A collection of problem-solving construction assignments covering everyday issues faced by professional building architects. Contains forty-five real-world construction problems with instructions for each exercise complete with additional resources for students and instructors.
650 ## - SUBJECT ADDED ENTRY--TOPICAL TERM
Topical term or geographic name entry element BUILT ENVIRONMENT-BUILDING ELEMENTS-COMPLETE BUILDING ELEMENTS-FOUNDATIONS
650 ## - SUBJECT ADDED ENTRY--TOPICAL TERM
Topical term or geographic name entry element TIMBER FRAME CONSTRUCTION
650 ## - SUBJECT ADDED ENTRY--TOPICAL TERM
Topical term or geographic name entry element EXTERNAL FINISHES
650 ## - SUBJECT ADDED ENTRY--TOPICAL TERM
Topical term or geographic name entry element INTERIORS
650 ## - SUBJECT ADDED ENTRY--TOPICAL TERM
Topical term or geographic name entry element MASONRY
650 ## - SUBJECT ADDED ENTRY--TOPICAL TERM
Topical term or geographic name entry element LOAD BEARING WALLS
650 ## - SUBJECT ADDED ENTRY--TOPICAL TERM
Topical term or geographic name entry element STEEL FRAME CONSTRUCTION
650 ## - SUBJECT ADDED ENTRY--TOPICAL TERM
Topical term or geographic name entry element CONCRETE
650 ## - SUBJECT ADDED ENTRY--TOPICAL TERM
Topical term or geographic name entry element GLAZING
650 ## - SUBJECT ADDED ENTRY--TOPICAL TERM
Topical term or geographic name entry element CEILINGS
650 ## - SUBJECT ADDED ENTRY--TOPICAL TERM
Topical term or geographic name entry element BUILT ENVIRONMENT-BUILDING ELEMENTS-COMPLETE BUILDING ELEMENTS-FLOORS
690 ## - LOCAL SUBJECT ADDED ENTRY--TOPICAL TERM (OCLC, RLIN)
Topical term or geographic name as entry element BUILT ENVIRONMENT
700 ## - ADDED ENTRY--PERSONAL NAME
Personal name Iano, J.
942 ## - ADDED ENTRY ELEMENTS (KOHA)
Suppress in OPAC 0
Holdings
Withdrawn status Lost status Source of classification or shelving scheme Damaged status Not for loan Home library Current library Shelving location Date acquired Cost, normal purchase price Total Checkouts Full call number Barcode Date last seen Date last checked out Copy number Cost, replacement price Price effective from Koha item type
    Dewey Decimal Classification     London London Folio 18/02/2004 23.99 2 F690 ALL 30068658 06/08/2019 29/09/2008 1 23.99 06/08/2019 Book